| 000 | 01329cam a2200349 i 4500 | ||
|---|---|---|---|
| 001 | 42231 | ||
| 003 | Mx-PuUPA | ||
| 005 | 20260120220352.0 | ||
| 008 | 140415s2017 mx gr 000 0 spa d | ||
| 020 | _a9786075291819 | ||
| 040 |
_aMx-PuUPA _bspa _cMx-PuUPA _dMx-PuUPA _erda |
||
| 041 | 0 | _aspa | |
| 100 | 1 |
_aCope, Andrew, _d1966- _917739 _eautor |
|
| 240 | 1 | 4 |
_aThe little book of emotional intelligence. _lEspañol |
| 245 | 1 | 3 |
_aEl pequeño libro de la inteligencia emocional : _bcómo brillar en un mundo negativo / _cAndy Cope ; traducción de Hugo López Araiza Bravo |
| 250 |
_aPrimera edición / _bjunio |
||
| 264 | 1 |
_aCiudad de México : _bEdiciones B México, _c©2017 |
|
| 300 |
_a171 páginas ; _c23 cm |
||
| 336 |
_2rdacontent _atexto _btxt |
||
| 337 |
_2rdamedia _asin medio _bn |
||
| 338 |
_2rdacarrier _avolumen _bnc |
||
| 650 | 7 |
_2armarc _aInteligencia emocional |
|
| 650 | 7 |
_2armarc _aEmpatia |
|
| 650 | 7 |
_2armarc _aRelaciones interpersonales |
|
| 650 | 7 |
_2armarc _aPsicología positiva |
|
| 650 | 7 |
_2armarc _aAutopersepción |
|
| 700 | 1 |
_aLópez Araiza Bravo, Hugo, _etraductor |
|
| 765 | 0 |
_aCope, Andrew, 1966- _dReino Unido : Hodder & Stoughton, 2016 _tThe little book of emotional intelligence. |
|
| 942 |
_2ddc _cLI _h152.4 _iC7818 |
||
| 999 |
_c42231 _d42231 |
||